000 00411nam a2200157 i 4500
001 bg
100 1 _aFEDOROWICZ, Zdzisław
_d(1922-2007).
245 0 _aFinanse w gospodarce socjalistycznej /
_cZdzisław Fedorowicz.
250 _aWyd.11 zm.
260 _aWarszawa,
_c1981.
040 _cBPK
041 _apol
080 _a336+658.14/.17](075.8)
942 _cKS
008 s pl f |000 0 pol
999 _c19876
_d19876
856 _uhttp://koha.tu.koszalin.pl/cgi-bin/koha/opac-detail.pl?biblionumber=19876
_yKatalog online BPK